Germany, America, Europe (Record no. 8922)
[ view plain ]
| 000 -LEADER | |
|---|---|
| campo de control de longitud fija | 00667nam a2200205 i 4500 |
| 001 - NÚMERO DE CONTROL | |
| campo de control | 8922 |
| 003 - IDENTIFICADOR DE NÚMERO DE CONTROL | |
| campo de control | ES-MaACL |
| 005 - FECHA Y HORA DE LA ÚLTIMA TRANSACCIÓN | |
| campo de control | 20230906145550.0 |
| 007 - CAMPO FIJO DE DESCRIPCIÓN FÍSICA--INFORMACIÓN GENERAL | |
| campo de control de longitud fija | t| |
| 008 - DATOS DE LONGITUD FIJA--INFORMACIÓN GENERAL | |
| campo de control de longitud fija | 921113s1989 xxu ||||1| eng d |
| 020 ## - NÚMERO INTERNACIONAL ESTÁNDAR DEL LIBRO | |
| Número Internacional Estándar del Libro | 0-300-04022-9 |
| 080 ## - NÚMERO DE LA CLASIFICACIÓN DECIMAL UNIVERSAL | |
| Número de la Clasificación Decimal Universal | 327(43)"1949/1989" |
| 100 1# - ENTRADA PRINCIPAL--NOMBRE DE PERSONA | |
| Nombre de persona | Hanrieder, Wolfram F. |
| 9 (RLIN) | 61747 |
| 245 10 - MENCIÓN DEL TÍTULO | |
| Título | Germany, America, Europe |
| Resto del título | : forty years of german foreign policy / |
| Mención de responsabilidad, etc. | Wolfram F. Hanrieder. |
| 260 ## - PUBLICACIÓN, DISTRIBUCIÓN, ETC. | |
| Lugar de publicación, distribución, etc. | New Haven and London : |
| Nombre del editor, distribuidor, etc. | Yale University Press, |
| Fecha de publicación, distribución, etc. | cop. 1989. |
| 300 ## - DESCRIPCIÓN FÍSICA | |
| Extensión | XVIII, 509 p. ; |
| Dimensiones | 24 cm. |
| 500 ## - NOTA GENERAL | |
| Nota general | Indices. |
| 651 #4 - PUNTO DE ACCESO ADICIONAL DE MATERIA--NOMBRE GEOGRÁFICO | |
| Nombre geográfico | Alemania (República Federal)- |
| Subdivisión general | Política exterior. |
| 9 (RLIN) | 7676 |
| 852 ## - LOCALIZACIÓN | |
| Ubicación | ES-MaACL |
| Número de control de estantería | L-16307 |
| Sublocalización o colección | R.118577 |
| Estatus retirado | Estado de pérdida | Estado de daño | No para préstamo | Biblioteca de origen | Biblioteca actual | Ubicación en estantería | Fecha de adquisición | Fuente de adquisición | Total de préstamos | Signatura topográfica completa | Código de barras | Visto por última vez | Precio de reemplazo | Tipo de ítem Koha |
|---|---|---|---|---|---|---|---|---|---|---|---|---|---|---|
| Biblioteca del Ateneo de Madrid | Biblioteca del Ateneo de Madrid | Depósito 2 | 17/01/2008 | L-16307 | 1009109 | 23/02/2023 | 23/02/2023 | Libro impreso |
